[Event "Ruhrgebiet Verbandsklasse Gruppe 2 1718"]
[Site "Germany"]
[Date "2018.03.18"]
[Round "8.6"]
[White "Verfuerth, Christian"]
[Black "Wuthcke, Dieter"]
[Result "1/2-1/2"]
[WhiteElo "1877"]
[BlackElo "1820"]
[PlyCount "93"]
[EventDate "2017.09.17"]
[EventType "team-tourn"]
[EventRounds "9"]
[EventCountry "GER"]
[SourceTitle "EXT 2022"]
[Source "ChessBase"]
[SourceDate "2021.10.06"]
[SourceVersion "1"]
[SourceVersionDate "2021.10.06"]
[SourceQuality "1"]
[WhiteTeam "Horst Emscher II"]
[BlackTeam "Essen SK Germania Kupferdreh"]
[WhiteTeamCountry "GER"]
[BlackTeamCountry "GER"]

1. d4 Nf6 2. Nf3 d6 3. Nc3 g6 4. e4 Nbd7 5. Be3 Bg7 6. Qd2 c5 7. 0-0-0 cxd4 8. Nxd4 Ng4 9. Bg5 Qa5 10. Kb1 Nxf2 11. Qxf2 Qxg5 12. h4 Qc5 13. Qd2 Qxd4 14. Qxd4 Bxd4 15. Rxd4 Nb6 16. Bb5+ Bd7 17. Bxd7+ Nxd7 18. Nd5 Rc8 19. h5 Ne5 20. hxg6 fxg6 21. Rb4 b6 22. Ra4 Nc6 23. e5 dxe5 24. Rah4 Rd8 25. Nc3 h5 26. g4 Rd4 27. Ne2 Re4 28. Nc3 Rf4 29. Ne2 Rf2 30. Nc1 Kd7 31. gxh5 Rxh5 32. Rxh5 gxh5 33. Rxh5 Ke6 34. Rh6+ Kd5 35. c4+ Kxc4 36. Rxc6+ Kd5 37. Rc7 e4 38. Rxe7 a5 39. Rd7+ Kc4 40. Rd1 a4 41. Re1 Kd4 42. Re2 Rf1 43. Kc2 b5 44. a3 Rf3 45. Na2 Rf5 46. Nc3 Re5 47. Rd2+ 1/2-1/2

[Event "Ruhrgebiet Verbandsklasse Gruppe 2 1718"]
[Site "Germany"]
[Date "2017.11.05"]
[Round "3.4"]
[White "Wuthcke, Dieter"]
[Black "Kromat, Stefan"]
[Result "1/2-1/2"]
[WhiteElo "1831"]
[BlackElo "1749"]
[PlyCount "97"]
[EventDate "2017.09.17"]
[EventType "team-tourn"]
[EventRounds "9"]
[EventCountry "GER"]
[SourceTitle "EXT 2022"]
[Source "ChessBase"]
[SourceDate "2021.10.06"]
[SourceVersion "1"]
[SourceVersionDate "2021.10.06"]
[SourceQuality "1"]
[WhiteTeam "Essen SK Germania Kupferdreh"]
[BlackTeam "Dortmund Matt Inn"]
[WhiteTeamCountry "GER"]
[BlackTeamCountry "GER"]

1. d4 d6 2. c4 Nf6 3. Nc3 Nbd7 4. e4 e5 5. d5 Be7 6. Bd3 0-0 7. Nge2 a5 8. h3 Nc5 9. 0-0 Ne8 10. f4 exf4 11. Bxf4 Bg5 12. Bc2 Bxf4 13. Nxf4 Nf6 14. Qf3 Nfd7 15. Qg3 Qe7 16. a3 Ne5 17. b3 h6 18. Nh5 Qg5 19. Qxg5 hxg5 20. Nb5 Na6 21. Ng3 g4 22. h4 Ng6 23. h5 Ne5 24. Rf4 Bd7 25. Nd4 Nc5 26. Rd1 Ra6 27. Ngf5 a4 28. b4 Nb3 29. Ne3 Nxd4 30. Rxd4 c5 31. dxc6 Rxc6 32. Bxa4 Ra6 33. Bxd7 Nxd7 34. Rd3 Ne5 35. Rc3 Rfa8 36. Nc2 Rc6 37. c5 dxc5 38. bxc5 b6 39. Ne3 Rxc5 40. Rxc5 bxc5 41. Nc2 Ra4 42. Kh2 Rc4 43. Ne3 Rc3 44. Nxg4 Nxg4+ 45. Rxg4 Rxa3 46. Rg5 Re3 47. Rxc5 Rxe4 48. Kg3 f6 49. Kf3 1/2-1/2

[Event "Ruhrgebiet VK2 0910"]
[Site "Ruhrgebiet"]
[Date "2010.02.21"]
[Round "7.5"]
[White "Holtkamp, Patrik"]
[Black "Wuthcke, Dieter"]
[Result "0-1"]
[WhiteElo "1782"]
[BlackElo "2036"]
[PlyCount "60"]
[EventDate "2009.09.06"]
[EventType "team"]
[EventRounds "9"]
[EventCountry "GER"]
[SourceTitle "EXT 2011"]
[Source "ChessBase"]
[SourceDate "2010.11.26"]
[SourceVersion "1"]
[SourceVersionDate "2010.11.26"]
[SourceQuality "1"]
[WhiteTeam "Eichlinghofen SV II"]
[BlackTeam "Germania Kupferdreh"]
[WhiteTeamCountry "GER"]
[BlackTeamCountry "GER"]

1. d4 Nf6 2. c4 c5 3. e3 cxd4 4. exd4 d5 5. Nc3 Nc6 6. Bg5 e6 7. Nf3 Be7 8. Bd3 a6 9. 0-0 dxc4 10. Bxc4 b5 11. Bb3 0-0 12. Re1 Bb7 13. Bh4 Qb6 14. Ne5 Rad8 15. Nxc6 Bxc6 16. Bxe6 fxe6 17. Rxe6 Qb7 18. Qb3 Kh8 19. Rae1 Rde8 20. Bxf6 Rxf6 21. d5 Rxe6 22. Rxe6 Bd7 23. Re1 Bd6 24. Ne4 Re5 25. f4 Rxd5 26. Nxd6 Rxd6 27. Qf7 Qc8 28. Re7 Qc5+ 29. Kf1 Rd1+ 30. Ke2 Bg4# 0-1

[Event "Ruhrgebiet VK2 0910"]
[Site "Ruhrgebiet"]
[Date "2009.12.06"]
[Round "4.4"]
[White "Sperlich, Stefan"]
[Black "Wuthcke, Dieter"]
[Result "0-1"]
[WhiteElo "1893"]
[BlackElo "2036"]
[PlyCount "96"]
[EventDate "2009.09.06"]
[EventType "team"]
[EventRounds "9"]
[EventCountry "GER"]
[SourceTitle "EXT 2011"]
[Source "ChessBase"]
[SourceDate "2010.11.26"]
[SourceVersion "1"]
[SourceVersionDate "2010.11.26"]
[SourceQuality "1"]
[WhiteTeam "Muelheim"]
[BlackTeam "Germania Kupferdreh"]
[WhiteTeamCountry "GER"]
[BlackTeamCountry "GER"]

1. d4 Nf6 2. c4 c5 3. d5 d6 4. Nc3 e6 5. Nf3 exd5 6. cxd5 g6 7. g3 Bg7 8. Bg2 0-0 9. 0-0 Re8 10. Bf4 a6 11. a4 Qc7 12. h3 Nh5 13. Bg5 h6 14. Bd2 Nf6 15. Re1 Bf5 16. Nh4 Be4 17. Nxe4 Nxe4 18. Bxe4 Rxe4 19. Qc2 Qe7 20. Ra3 Nd7 21. Ng2 Nb6 22. Ne3 Bd4 23. Rb3 Bxe3 24. Rxb6 Bxd2 25. Qxd2 Rd4 26. Qc2 Rb8 27. e4 Qd7 28. Qb3 Rxa4 29. e5 dxe5 30. Rxe5 Rd4 31. Kh2 c4 32. Qe3 Rxd5 33. Rxd5 Qxd5 34. Qxh6 Qd4 35. Qe3 Qxe3 36. fxe3 Re8 37. Rxb7 Rxe3 38. Kg2 Rb3 39. Rxb3 cxb3 40. Kf3 a5 41. Ke4 f5+ 42. Kd4 g5 43. Kc4 f4 44. gxf4 gxf4 45. Kxb3 f3 46. Ka4 f2 47. Kxa5 f1Q 48. b4 Qxh3 0-1

[Event "Ruhrgebiet VK2 0910"]
[Site "Ruhrgebiet"]
[Date "2009.11.08"]
[Round "3.5"]
[White "Bautz, Volker"]
[Black "Wuthcke, Dieter"]
[Result "1-0"]
[WhiteElo "1811"]
[BlackElo "2036"]
[PlyCount "33"]
[EventDate "2009.09.06"]
[EventType "team"]
[EventRounds "9"]
[EventCountry "GER"]
[SourceTitle "EXT 2011"]
[Source "ChessBase"]
[SourceDate "2010.11.26"]
[SourceVersion "1"]
[SourceVersionDate "2010.11.26"]
[SourceQuality "1"]
[WhiteTeam "Bochum SV II"]
[BlackTeam "Germania Kupferdreh"]
[WhiteTeamCountry "GER"]
[BlackTeamCountry "GER"]

1. d4 Nf6 2. Nc3 d5 3. Bg5 e6 4. e4 dxe4 5. Bxf6 Qxf6 6. Nxe4 Qg6 7. Qd3 b6 8. 0-0-0 Bb7 9. f3 Nd7 10. Ne2 Be7 11. Kb1 a5 12. g4 f5 13. gxf5 exf5 14. N4g3 0-0 15. Rg1 Qf7 16. Bh3 Bd5 17. Nxf5 1-0

[Event "Niedersachsen-ch Seniors op 10th"]
[Site "Bad Bevensen"]
[Date "2007.07.09"]
[Round "7"]
[White "Von Janta, Lothar"]
[Black "Wuthcke, Dieter"]
[Result "1/2-1/2"]
[WhiteElo "1744"]
[BlackElo "1842"]
[PlyCount "44"]
[EventDate "2007.07.03"]
[EventType "swiss"]
[EventRounds "9"]
[EventCountry "GER"]
[SourceTitle "EXT 2022"]
[Source "ChessBase"]
[SourceDate "2021.10.06"]
[SourceVersion "1"]
[SourceVersionDate "2021.10.06"]
[SourceQuality "1"]

1. c4 c5 2. Nc3 g6 3. g3 Bg7 4. Bg2 Nc6 5. e3 d6 6. Nge2 Bd7 7. 0-0 Rb8 8. d3 a6 9. a4 Nf6 10. Nf4 0-0 11. Qb3 Nb4 12. Rd1 b5 13. axb5 axb5 14. Nxb5 Bxb5 15. cxb5 Rxb5 16. d4 Qb6 17. Bf1 Ra5 18. dxc5 dxc5 19. Rxa5 Qxa5 20. Bd2 Rb8 21. Qc4 Qa7 22. b3 Nd7 1/2-1/2